| 000 | 00935nam a2200301 a 4500 | ||
|---|---|---|---|
| 001 | 28391 | ||
| 003 | BD-RjUL | ||
| 005 | 20211209051257.0 | ||
| 008 | 140330s2010 enkab d 000 0 eng | ||
| 020 | _a9780199567669 (pbk.) | ||
| 020 | _a0199567662 (pbk.) | ||
| 035 | _a(BD-RjUL)28472 | ||
| 040 |
_aUKM _cUKM _dCDX _dBWK _dDLC _dBD-RjUL _beng |
||
| 041 | _aeng | ||
| 082 | 0 | 4 |
_aR 577.03 _222 _bDIC 2010 |
| 245 | 0 | 2 |
_aA dictionary of ecology / _cedited by Michael Allaby. |
| 250 | _a4th ed. | ||
| 260 |
_aOxford ; _aNew York: _bOxford University Press, _cc2010. |
||
| 300 |
_a418 p. : _bill., maps ; _c20 cm. |
||
| 490 | 0 | _aOxford paperback reference | |
| 500 | _aFirst edition published as The concise Oxford dictionary of ecology. | ||
| 500 | _aPrevious ed.: 2005. | ||
| 650 | 0 |
_aEcology _vDictionaries. _986943 |
|
| 700 | 1 |
_aAllaby, Michael. _985436 |
|
| 942 |
_2ddc _cREF |
||
| 999 |
_c28391 _d28391 |
||